000 00397nam a2200157Ia 4500
008 230711s9999||||xx |||||||||||||| ||und||
041 _aENG
082 _a720
_bJA-S
100 _aSudha Vithal Kaldate
245 0 _aSlums and housing problem
250 _a1st . Ed.
260 _c1989
_aNew Delhi
_bPrentice-Hall of India Private Limited
300 _a143
650 _aArchitecture
942 _cBK
999 _c2833
_d2833